[Event "Gipuzkoa ch"]
[Site "Donostia - San Sebastian"]
[Date "2012.12.01"]
[Round "7"]
[White "Olabe Odriozola, Eduardo"]
[Black "Ezpeleta Pradera, Juan Francis"]
[Result "1-0"]
[WhiteElo "1939"]
[BlackElo "2075"]

1.e4 c5 2.Nc3 e6 3.Bc4 Nc6 4.d3 Nf6 5.Bg5 Be7 6.f4 d6 7.Nge2 O-O 8.O-O Na5
9.f5 a6 10.a4 Nxc4 11.dxc4 Ng4 12.Ng3 Bxg5 13.Qxg4 Be3+ 14.Kh1 Bd4 15.Nh5 
g6 16.f6 Kh8 17.Qg5 Rg8 18.Ng3 Bd7 19.e5 Bxe5 20.Nge4 Qf8 21.Rf3 h6 22.Rh3
Kh7 23.Qxh6+ 1-0

[Event "Gipuzkoa ch"]
[Site "Donostia - San Sebastian"]
[Date "2012.12.01"]
[Round "7"]
[White "Rodriguez Cabrera, Fco. Javier"]
[Black "Goni Garmendia, Aitor"]
[Result "1-0"]
[WhiteElo "1945"]
[BlackElo "1780"]

1.e4 c5 2.c3 g6 3.d4 cxd4 4.cxd4 Bg7 5.Nc3 d6 6.Bb5+ Bd7 7.Bxd7+ Nxd7 8.
Nf3 Ngf6 9.e5 dxe5 10.dxe5 Ng4 11.e6 fxe6 12.O-O Qc7 13.Qa4 Nf6 14.Bf4 Qc6
15.Nb5 O-O 16.Rac1 Nc5 17.Qc4 Nfe4 18.Be3 Bxb2 19.Rc2 a6 20.Rxb2 axb5 21.
Rxb5 Ra4 22.Rb4 Rxb4 23.Qxb4 Qa4 24.Bxc5 Nxc5 25.Qxc5 Qxa2 26.Qxe7 Rf7 27.
Qb4 Qd5 28.Rc1 Rxf3 29.Rc8+ Kg7 30.gxf3 Kh6 31.Qh4+ Kg7 32.Rc6 Qd8 1-0

[Event "Gipuzkoa ch"]
[Site "Donostia - San Sebastian"]
[Date "2012.12.01"]
[Round "7"]
[White "Nogues Fernandez, Ramon"]
[Black "Elduayen Echave, Ramon"]
[Result "1/2-1/2"]
[WhiteElo "1903"]
[BlackElo "1664"]

1.d4 d6 2.c4 e5 3.Nf3 exd4 4.Nxd4 Nf6 5.g3 Be7 6.Bg2 d5 7.O-O O-O 8.Qc2 c6
9.b3 dxc4 10.Qxc4 Nd5 11.Bb2 Nb6 12.Qc2 Bd7 13.Rd1 Qc8 14.Nd2 Na6 15.a3 
Nc7 16.e4 Ne6 17.Nf5 Qd8 18.Nxe7+ Qxe7 19.Rac1 Rad8 20.f4 Bc8 21.f5 Nd4 
22.f6 Qxf6 23.Qd3 Ne2+ 24.Qxe2 Qxb2 25.a4 Bg4 26.Qxg4 Rxd2 27.Rxd2 Qxd2 
28.Qf4 Qxf4 29.gxf4 Rd8 30.a5 Nc8 31.a6 bxa6 32.Rxc6 Nb6 33.Rc3 g6 34.Kf2 
Rd2+ 35.Kg3 a5 36.e5 Ra2 37.Bh3 a4 38.bxa4 Rxa4 39.e6 Re4 40.Rc7 fxe6 41.
Rxa7 Nd5 42.Bg2 Re3+ 43.Kf2 Rd3 44.Bxd5 exd5 45.Rd7 d4 46.Ke2 Re3+ 47.Kf2 
Rd3 48.Ke2 Rh3 49.Rxd4 Rxh2+ 50.Kf3 Kg7 51.Kg3 Ra2 52.Rd6 Ra5 53.Kg4 h5+ 
54.Kh4 Ra1 55.Rb6 Rg1 56.f5 Rg4+ 57.Kh3 gxf5 58.Rb5 Kf6 59.Ra5 Kg5 60.Ra8 
Kf4 61.Ra4+ Kg5 62.Ra8 Kf4 63.Ra4+ Kg5 64.Ra8 1/2-1/2

[Event "Gipuzkoa ch"]
[Site "Donostia - San Sebastian"]
[Date "2012.12.01"]
[Round "7"]
[White "Mendia Rezola, Jokin"]
[Black "Tung, Siu Hung"]
[Result "0-1"]
[WhiteElo "1706"]
[BlackElo "1895"]

1.e4 d6 2.d4 Nf6 3.Nc3 c6 4.f4 Qa5 5.Bd3 c5 6.d5 e6 7.Bd2 Qb6 8.Nf3 Be7 9.
Bc4 O-O 10.h3 exd5 11.exd5 Re8 12.O-O Nbd7 13.Kh2 Nf8 14.g4 a6 15.g5 Nh5 
16.Nh4 g6 17.f5 Qb4 18.Qg4 Ng7 19.Ne4 Qxb2 20.Rae1 Bxf5 21.Nxf5 gxf5 22.
Qf4 Ng6 23.Qf2 fxe4 24.Rxe4 Ne5 25.Rh4 Qxc2 26.Kh1 Rf8 27.Qe2 Rae8 28.Rf6 
Nxc4 29.Rfh6 Bxg5 30.Qg4 Bxh6 0-1

[Event "Gipuzkoa ch"]
[Site "Donostia - San Sebastian"]
[Date "2012.12.01"]
[Round "7"]
[White "Orube Bona, Andoni"]
[Black "Kuende Gorostidi, Jon"]
[Result "1-0"]
[WhiteElo "1791"]
[BlackElo "1798"]

1.d4 f5 2.c4 Nf6 3.g3 e6 4.Nf3 c6 5.Bg2 d5 6.O-O Be7 7.Bf4 Nbd7 8.Qc2 Ne4 
9.Ne5 Ndf6 10.f3 Nd6 11.a4 O-O 12.Nd2 c5 13.dxc5 Nf7 14.b4 Nxe5 15.Bxe5 
Nd7 16.f4 Nxe5 17.fxe5 a5 18.cxd5 exd5 19.b5 Be6 20.Nf3 Rc8 21.c6 bxc6 22.
Nd4 cxb5 23.Qd2 Bc5 24.axb5 Qb6 25.e3 Bb4 26.Qe2 Rc3 27.Rad1 Rd8 28.Rd3 
Bf7 29.Rxc3 Bxc3 30.Nc6 Re8 31.Rxf5 g6 32.Rf6 Qc5 33.Qf3 Be6 34.Rf4 Qxb5 
35.Ne7+ Rxe7 36.Rf8+ Kg7 37.Qf6+ Kh6 38.Qh4+ Kg7 39.Qxe7+ 1-0

[Event "Gipuzkoa ch"]
[Site "Donostia - San Sebastian"]
[Date "2012.12.01"]
[Round "7"]
[White "Arana Garate, Jon"]
[Black "Parron Luceno, David"]
[Result "1-0"]
[WhiteElo "1885"]
[BlackElo "1580"]

1.d4 d5 2.Nf3 e6 3.Bf4 Bd6 4.e3 c6 5.c3 Bxf4 6.exf4 Nf6 7.Bd3 Nbd7 8.O-O 
Qc7 9.Ne5 g6 10.Nd2 Nxe5 11.fxe5 Nh5 12.f4 c5 13.g4 Ng7 14.Nf3 c4 15.Bc2 
Bd7 16.Qd2 h5 17.g5 Nf5 18.Bxf5 exf5 19.h4 Be6 20.Ne1 O-O 21.Nc2 a6 22.Ne3
b5 23.a4 Rfb8 24.Rfb1 Qc6 25.axb5 axb5 26.Nc2 Rxa1 27.Rxa1 Ra8 28.Qe1 Rxa1
29.Qxa1 Qb6 30.Qa8+ Kg7 31.Nb4 Qc7 32.Kf2 Qd7 33.Ke3 Kh7 34.Kd2 Kg7 35.Kc2
Kh7 36.Kb1 Kg7 37.Na6 Qc8 38.Qxc8 Bxc8 39.Nc7 Bd7 40.Nxd5 Bc6 41.Ne3 Be4+ 
42.Ka2 Kf8 43.Ka3 Bc6 44.Kb4 Ke7 45.Kc5 Be8 46.Nd5+ Kf8 47.Nc7 Bd7 48.Nxb5
Ke7 49.Kxc4 Bc8 1-0

[Event "Gipuzkoa ch"]
[Site "Donostia - San Sebastian"]
[Date "2012.12.01"]
[Round "7"]
[White "Salgado Cea, Gorka"]
[Black "Aparicio Mola, Luis"]
[Result "1-0"]
[WhiteElo "1857"]
[BlackElo "1530"]

1.e4 c5 2.Nf3 d6 3.d4 cxd4 4.Nxd4 Nf6 5.Nc3 Nc6 6.Be3 g6 7.f3 Bg7 8.Qd2 
Nxd4 9.Bxd4 O-O 10.O-O-O Be6 11.g4 Qa5 12.a3 a6 13.Kb1 Rac8 14.g5 Nh5 15.
Nd5 Qxd2 16.Nxe7+ Kh8 17.Rxd2 Rc7 18.Bxg7+ Kxg7 19.Nd5 Bxd5 20.Rxd5 Rc6 
21.h4 Nf4 22.Rd2 f6 23.Bh3 Re8 24.Bd7 Rd8 25.Bxc6 bxc6 26.c4 fxg5 27.hxg5 
Ne6 28.Rg1 c5 29.Rf2 Rf8 30.Rg4 Nf4 31.Rh4 a5 32.Kc2 Ne6 33.f4 Nxg5 34.Kd3
Ne6 35.f5 Nd4 36.Rfh2 gxf5 37.Rxh7+ Kg8 38.Rh8+ Kg7 39.R2h7+ Kg6 1-0

[Event "Gipuzkoa ch"]
[Site "Donostia - San Sebastian"]
[Date "2012.12.01"]
[Round "7"]
[White "Iglesias Gonzalez, Veronica"]
[Black "Puga Senar, Fernando"]
[Result "0-1"]
[WhiteElo "1802"]
[BlackElo "1808"]

1.c4 Nf6 2.Nc3 g6 3.Nf3 Bg7 4.d4 d5 5.e3 O-O 6.b3 c6 7.Bd3 dxc4 8.bxc4 Re8
9.O-O Nbd7 10.Rb1 e5 11.Bc2 Qc7 12.Ba3 Nb6 13.Nxe5 Nfd7 14.c5 Nxe5 15.cxb6
axb6 16.Bc1 Ng4 17.g3 Nf6 18.e4 Bh3 19.Re1 Nh5 20.e5 Rad8 21.Qf3 Rxd4 22.
Be3 Bg4 23.Qg2 Rc4 24.Bxb6 Qc8 25.Re3 Rxe5 26.Rd3 Re8 27.f3 Bf5 28.Ne4 
Bxe4 29.fxe4 Qg4 30.Rbd1 Rcxe4 31.Rd8 Re7 32.Bb3 Nf6 33.Bc5 Re2 34.Qf1 h5 
35.Rxe8+ Rxe8 36.Rd4 Qg5 37.Bb6 Qe3+ 38.Kh1 Qe1 39.Kg2 Qxf1+ 40.Kxf1 Nd5 
41.Rxd5 cxd5 42.Bxd5 Re7 43.a4 Rd7 44.Bf3 Bd4 45.Ba5 b6 46.Be1 Bc5 47.Bc6 
Rd1 48.Ke2 Ra1 49.h4 Bd6 50.Bf2 Ra2+ 51.Kf3 Ra3+ 52.Kg2 Bc5 53.Be1 Ra1 54.
Bc3 Rg1+ 55.Kh2 Rc1 56.Bf6 Kf8 57.Bb5 Rc2+ 58.Kh3 Rf2 59.Bd8 f6 60.Bc7 Kg7
61.Bf4 Rb2 62.Be8 Bd4 63.Bc6 Be5 64.Be3 Rb3 65.Bf2 g5 66.hxg5 fxg5 67.Kg2 
Rb2 68.Kf1 Rb4 69.Kg2 Kf6 70.Be8 Bc7 71.Kh3 Ke7 72.Bc6 Rb3 73.Kg2 Rb2 74.
Kf1 Kd6 75.Be8 Ra2 76.Kg1 Bd8 77.Be1 h4 78.gxh4 gxh4 0-1